|
|
|
|
| LEADER |
00000naa2a2200000 4500 |
| 001 |
575462 |
| 005 |
20231101130115.0 |
| 035 |
|
|
|a (RuTPU)RU\TPU\prd\274288
|
| 035 |
|
|
|a RU\TPU\tpu\1370
|
| 090 |
|
|
|a 575462
|
| 100 |
|
|
|a 20171006d1966 k y0rusy50 ca
|
| 101 |
0 |
|
|a rus
|
| 102 |
|
|
|a RU
|
| 200 |
1 |
|
|a К вопросу о механизме влияния предварительного облучения на термический распад перманганатов щелочных металлов
|f В. В. Болдырев [и др.]
|
| 320 |
|
|
|a Библиогр.: 21 назв.
|
| 461 |
|
|
|0 (RuTPU)RU\TPU\prd\750
|x 0869-5652
|t Доклады Академии Наук СССР. Новая серия
|f Академия наук СССР (АН СССР)
|d 1933-1992
|
| 463 |
|
|
|0 (RuTPU)RU\TPU\prd\67036
|t Т. 166, № 4
|v С. 891-893
|d 1966
|
| 610 |
1 |
|
|a химические науки
|
| 610 |
1 |
|
|a предварительное облучение
|
| 610 |
1 |
|
|a термический распад
|
| 610 |
1 |
|
|a щелочные металлы
|
| 610 |
1 |
|
|a труды учёных ТПУ
|
| 701 |
|
1 |
|a Болдырев
|b В. В.
|c российский ученый, химик
|c профессор, зав. кафедрой радиационной химии Томского политехнического института
|f 1927-
|g Владимир Вячеславович
|2 stltpush
|3 (RuTPU)RU\TPU\pers\19771
|
| 701 |
|
1 |
|a Обливанцев
|b А. Н.
|
| 701 |
|
1 |
|a Райцимринг
|b А. М.
|
| 701 |
|
1 |
|a Усков
|b Е. М.
|
| 801 |
|
0 |
|a RU
|b 63413507
|c 20011210
|g PSBO
|
| 801 |
|
2 |
|a RU
|b 63413507
|c 20171109
|g PSBO
|
| 942 |
|
|
|c BK
|